000 00780nam a22002417a 4500
003 0
005 20180703143006.0
008 0
010 _aB-128954
020 _c600.00
_a8172201540
035 _aB-128954, B-128955
037 _bCen Lib/Ret
040 _aDPL
_bEN
_c0
082 _a796.352
_bWAD
100 _aWadhwaney, Kishin R.
_928682
245 _aThe romance of the Indian open :
_cby Kishin R.Wadhwaney
_b1964-2003 /
260 _aNew Delhi
_bSiddharth Publications
_c2003
270 _a10, DSIDC Scheme-II, Okhla Industrial Area Phase-II
_bNew Delhi
_e110002
300 _axxii,227p. :
_c24cm(Hb)
_bcol.ill.
650 _aGolf -- Tournaments -- India -- History.
_924842
650 _aGolf -- Tournaments.
_924843
942 _2ddc
_cEN
_h79.352
_mWAD
999 _c128922
_d128922